000 00404nam a2200157 4500
008 191024s2017||||xo d
100 1 _aOloštiak Martin
_91415
700 1 _aGianitsová-Ološtiaková Lucia
_91416
245 1 0 _aSlovenský jazyk
250 _a1.vydanie
260 _bFragment
_aBratislava
_c2017
300 _a192s.
020 _a9788080890667
_c7,12
041 1 _aslo
044 _axo
_cSK
999 _c22773
_d22773